MARC details
| 000 -LEADER |
| fixed length control field |
02712nam a2200349 a 4500 |
| 008 - FIXED-LENGTH DATA ELEMENTS--GENERAL INFORMATION |
| fixed length control field |
120416s1989 ||||||||||||||||| || u |
| 020 ## - INTERNATIONAL STANDARD BOOK NUMBER |
| International Standard Book Number |
0582061083 |
| 050 ## - LIBRARY OF CONGRESS CALL NUMBER |
| Classification number |
QD 251.2 Vog |
| 100 ## - MAIN ENTRY--PERSONAL NAME |
| Personal name |
Furniss, B. S |
| 245 10 - TITLE STATEMENT |
| Title |
Vogel's textbook of practical organic chemistry. -- 5th ed. |
| Statement of responsibility, etc |
By Arthur I. Vogel and Revised by Brian S. Furniss |
| 250 ## - EDITION STATEMENT |
| Edition statement |
5th ed. |
| 260 ## - PUBLICATION, DISTRIBUTION, ETC. (IMPRINT) |
| Place of publication, distribution, etc |
London: |
| Name of publisher, distributor, etc |
Longman |
| Date of publication, distribution, etc |
1989 |
| 300 ## - PHYSICAL DESCRIPTION |
| Extent |
xxviii, 1514p. : ill. |
| 350 ## - |
| -- |
0.00 |
| 500 ## - GENERAL NOTE |
| General note |
17 copies in ST-LIBRARY |
| 650 #0 - SUBJECT ADDED ENTRY--TOPICAL TERM |
| Topical term or geographic name as entry element |
CHEMISTRY, ORGANIC--LABORATORY MANUALS |
| 650 #0 - SUBJECT ADDED ENTRY--TOPICAL TERM |
| Topical term or geographic name as entry element |
CHEMISTRY--HANDBOOKS, MANUALS, ETC |
| 650 ## - SUBJECT ADDED ENTRY--TOPICAL TERM |
| Topical term or geographic name as entry element |
CHEMISTRY, ANALYTIC--QUANTITATIVE |
| 700 ## - ADDED ENTRY--PERSONAL NAME |
| Personal name |
Vogel, Arthur I |
| 995 ## - RECOMMENDATION 995 [LOCAL, UNIMARC FRANCE] |
| -- |
0.00 |
| -- |
CBU-SCHOOL TEXTBOOK COLLECTIONS |
| -- |
1 |
| -- |
0.00 |
| -- |
10 |
| -- |
AVAILABLE |
| -- |
Jul 31, 2009 |
| -- |
School Collections |
| 995 ## - RECOMMENDATION 995 [LOCAL, UNIMARC FRANCE] |
| -- |
0.00 |
| -- |
CBU-MAIN LIBRARY (Kitwe) |
| -- |
5 |
| -- |
7.50 |
| -- |
5 |
| -- |
AVAILABLE |
| -- |
Mar 9, 2007 |
| -- |
Annex Low-Usage Collection |
| 995 ## - RECOMMENDATION 995 [LOCAL, UNIMARC FRANCE] |
| -- |
0.00 |
| -- |
CBU-MAIN LIBRARY (Kitwe) |
| -- |
4 |
| -- |
7.50 |
| -- |
4 |
| -- |
AVAILABLE |
| -- |
Mar 9, 2007 |
| -- |
Annex Low-Usage Collection |
| 995 ## - RECOMMENDATION 995 [LOCAL, UNIMARC FRANCE] |
| -- |
0.00 |
| -- |
CBU-MAIN LIBRARY (Kitwe) |
| -- |
6 |
| -- |
7.50 |
| -- |
1 |
| -- |
AVAILABLE |
| -- |
Main Library Open Access Collection |
| 995 ## - RECOMMENDATION 995 [LOCAL, UNIMARC FRANCE] |
| -- |
0.00 |
| -- |
CBU-SCHOOL TEXTBOOK COLLECTIONS |
| -- |
1 |
| -- |
0.00 |
| -- |
12 |
| -- |
AVAILABLE |
| -- |
Jul 31, 2009 |
| -- |
School Collections |
| 995 ## - RECOMMENDATION 995 [LOCAL, UNIMARC FRANCE] |
| -- |
0.00 |
| -- |
CBU-SCHOOL TEXTBOOK COLLECTIONS |
| -- |
1 |
| -- |
0.00 |
| -- |
11 |
| -- |
AVAILABLE |
| -- |
Jul 31, 2009 |
| -- |
School Collections |
| 995 ## - RECOMMENDATION 995 [LOCAL, UNIMARC FRANCE] |
| -- |
0.00 |
| -- |
CBU-MAIN LIBRARY (Kitwe) |
| -- |
3 |
| -- |
7.50 |
| -- |
3 |
| -- |
AVAILABLE |
| -- |
Mar 9, 2007 |
| -- |
Annex Low-Usage Collection |
| 995 ## - RECOMMENDATION 995 [LOCAL, UNIMARC FRANCE] |
| -- |
0.00 |
| -- |
CBU-SCHOOL TEXTBOOK COLLECTIONS |
| -- |
1 |
| -- |
0.00 |
| -- |
9 |
| -- |
AVAILABLE |
| -- |
Jul 31, 2009 |
| -- |
School Collections |
| 995 ## - RECOMMENDATION 995 [LOCAL, UNIMARC FRANCE] |
| -- |
0.00 |
| -- |
CBU-MAIN LIBRARY (Kitwe) |
| -- |
1 |
| -- |
0.00 |
| -- |
7 |
| -- |
AVAILABLE |
| -- |
Apr 23, 2008 |
| -- |
Annex Low-Usage Collection |
| 995 ## - RECOMMENDATION 995 [LOCAL, UNIMARC FRANCE] |
| -- |
0.00 |
| -- |
CBU-SCHOOL TEXTBOOK COLLECTIONS |
| -- |
1 |
| -- |
0.00 |
| -- |
8 |
| -- |
AVAILABLE |
| -- |
Jul 31, 2009 |
| -- |
School Collections |
| 995 ## - RECOMMENDATION 995 [LOCAL, UNIMARC FRANCE] |
| -- |
0.00 |
| -- |
CBU-MAIN LIBRARY (Kitwe) |
| -- |
1 |
| -- |
7.50 |
| -- |
2 |
| -- |
AVAILABLE |
| -- |
Main Library Open Access Collection |
| 995 ## - RECOMMENDATION 995 [LOCAL, UNIMARC FRANCE] |
| -- |
0.00 |
| -- |
CBU-MAIN LIBRARY (Kitwe) |
| -- |
1 |
| -- |
0.00 |
| -- |
6 |
| -- |
AVAILABLE |
| -- |
Feb 6, 2007 |
| -- |
Main Library Open Access Collection |